00613 2200205 4500001002100000005001500021035002000036007000300056008004100059020001800100082001000118084001600128100004400144245010500188250001100293260003800304300003100342600002200373990001200395INLIS00000000000763620210324091936 a0010-0321001006ta210324 g 0 ind  a9786028023030 a342.7 a342.7 IR. h0 aIr. H. Juniarso Ridwan dan Achmad Sodik1 aHukum Tata Ruang :bDalam Konsep Kebijakan Otonomi Daerah /cIr. H. Juniarso Ridwan dan Achmad Sodik aCet. 1 aBandung :bPenerbit Nuansa,c2008 a266 hlm :b. ;c15 x 23 cm 4aHUKUM TATA NEGARA a1071769